Códigos administrativos : de la Provincia de Buenos Aires.
Guardado en:
| Formato: | Libro |
|---|---|
| Idioma: | Spanish |
| Publicado: |
Buenos Aires :
Lex,
2013
|
| Edición: | 1a. ed. |
| Materias: | |
| Etiquetas: |
Agregar Etiqueta
Sin Etiquetas, Sea el primero en etiquetar este registro!
|
| LEADER | 00690nam a22001455a 4500 | ||
|---|---|---|---|
| 001 | DER.der012288 | ||
| 008 | 180615s2013####|||||||||||||||||#||spa|| | ||
| 005 | 20241101114329.0 | ||
| 245 | 1 | 0 | |a Códigos administrativos : |b de la Provincia de Buenos Aires. |
| 250 | |a 1a. ed. | ||
| 260 | |a Buenos Aires : |b Lex, |c 2013 | ||
| 300 | |a 287 p. | ||
| 505 | 0 | |a Procedimiento administrativo. Código contencioso administrativo. Fuero contencioso administrativo. Procedimiento administrativo municipal. Acción de amparo. - Tribunal fiscal de apelación. - Asesoría G. de Gobierno. Tribunal de cuentas. Ley de apremio. Fuero tributario | |
| 650 | 7 | |a DERECHO ADMINISTRATIVO | |
| 859 | |a DERECHO |b BIB. DERECHO |h 342.066 |i COD |p 007065 | ||
